| 000 | 00508nam a2200217Ia 4500 | ||
|---|---|---|---|
| 008 | 210210b1956 xxu||||| |||| 00| 0 eng d | ||
| 041 | _aeng | ||
| 082 | _a383/167 | ||
| 100 | _aSTAHL (O Glenn) | ||
| 245 | _aPublic personnel administration Ed 4 | ||
| 250 | _a | ||
| 260 |
_aNew York _bHarper & Brothers _c1956 |
||
| 300 | _aviii,628 | ||
| 650 | _aPublic | ||
| 650 | _apersonnel | ||
| 650 | _aEd | ||
| 650 | _aadministration | ||
| 650 | _a4 | ||
| 690 | _aPublic Administration | ||
| 906 | _a005363 | ||
| 999 |
_c125419 _d125419 |
||